1487 1753 1724 1570 1066 1524 1053 1227 1933 1287 1611 1384 1132 1575 1663 1249 1944 1525 1845 1092 1432 1868 1814 1631 1141 1717 1729 1752 1714 1637 1064 1526 1888 1675 1147 1644 1384 1065 1607 1945 1614 1501 1763 1205 1579 1853 1728 1651 1430 1347 1093 1156 1503 1676 1918 1859 1283 1876 1613 1523 1923 1835 1755 1265 1812 1763 1604 1382 1141 1217 1679 1592 1436 1007 1548 1240 1907 1121 1561 1848 2000 1276 1530 1711 1716 1730 1004 1356 1789 1490 1895 1807 1806 1463 1314 1738 1922 1918 1673 BCNSPRNW ULIB Ver.6.0+V

เปลี่ยนเป็นภาษาไทย

Change to English
 แสดงรายละเอียดบรรณานุกรม
  กลับหน้าหลัก

Brief Record : Get Marc (ISO 2709) : E-mail record : QR code < ปิดหน้าต่าง
LEADER : 00000nas 2200000uu 4500
001    13399114641
003     ULIB
008    120425s||||||||th 000 0 tha d
022    ^a08591083
110    ^aสำนักงานป้องกันควบคุมโรคที่ 5 จังหวัดนครราชสีมา
245    ^aวารสารวิชาการสำนักงานป้องกันควบคุมโรคที่ 5 จังหวัดนครราชสีมา /^cสำนักงานป้องกันควบคุมโรคที่ 5 จังหวัดนครราชสีมา
260    ^aนครราชสีมา :^bสำนักงานป้องกันควบคุมโรคที่ 5 จังหวัดนครราชสีมา,^cม.ป.ป.
310    ^aรายสี่เดือน
850    ^aฉบับที่ 1 ตุลาคม 2554-มกราคม 2555 ปีที่ 18
945    ^p0^l0^i800109
999 ^a ใช้งานได้ทุกระบบ
รายการนี้ยังไม่มีแท็ก
คุณยังไม่ได้ล็อกอิน คุณสามารถมีกิจกรรมร่วมกับเว็บไซต์ได้ แต่ต้องล็อกอินก่อน ::
  ล็อกอิน

รายการสื่อสารสนเทศ (วารสาร)

ดูแบบ: กล่อง รายการ
ARRIVED
no call number
สถานที่: ห้องสมุดวิทยาเขตสวรรค์ประชารักษ์ >วารสาร

BibComment


ยังไม่เคยถูกคอมเมนท์

คอมเมนท์ทรัพยากรรายการนี้
  คอมเมนท์: วารสารวิชาการสำน..


 Copyright 2026. Bcnsprnw @Library